Subdivisions - States of Brazil by Flag - Statistics

General Stats
  • This quiz has been taken 19 times
  • The average score is 21 of 27
Answer Stats
Picture Answer % Correct
Acre
94%
Amazonas
94%
Paraná
94%
São Paulo
94%
Pará
88%
Pernambuco
88%
Amapá
82%
Maranhão
82%
Mato Grosso
82%
Minas Gerais
82%
Rio Grande do Sul
82%
Tocantins
82%
Bahia
76%
Espírito Santo
76%
Mato Grosso do Sul
76%
Rio de Janeiro
76%
Rio Grande do Norte
76%
Santa Catarina
76%
Alagoas
71%
Ceará
71%
Distrito Federal
71%
Goiás
71%
Piauí
71%
Rondônia
71%
Roraima
71%
Sergipe
71%
Paraíba
65%
No matching quizzes found
Score Distribution
Percent of People with Each Score
Percentile by Number Answered
Your Score History
You have not taken this quiz